| 000 | 01022cam a2200301 a 4500 | ||
|---|---|---|---|
| 001 | 17378627 | ||
| 005 | 20170105102851.0 | ||
| 008 | 120709s2013 enk 000 0 eng | ||
| 010 | _a 2012027701 | ||
| 020 | _a9780415782203 (hbk. : alk. paper) | ||
| 020 | _a9780203072578 (ebook) | ||
| 040 |
_aDLC _cDLC _dDLC |
||
| 042 | _apcc | ||
| 050 | 0 | 0 |
_aK3165 _b.R68 2013 |
| 082 | 0 | 0 |
_a342 _223 |
| 245 | 0 | 0 |
_aRoutledge handbook of constitutional law / _cedited by Mark Tushnet, Thomas Fleiner and Cheryl Saunders. |
| 246 | 3 | _aHandbook of constitutional law. | |
| 260 |
_aAbingdon, Oxon ; _aNew York, NY : _bRoutledge, _c2013. |
||
| 300 |
_axxiv, 503 p. ; _c26 cm. |
||
| 490 | 0 | _aRoutledge handbooks | |
| 650 | 0 | _aConstitutional law. | |
| 700 | 1 |
_aTushnet, Mark V., _d1945- |
|
| 700 | 1 |
_aFleiner-Gerster, Thomas, _d1938- |
|
| 700 | 1 | _aSaunders, Cheryl. | |
| 906 |
_a7 _bcbc _corignew _d1 _eecip _f20 _gy-gencatlg |
||
| 942 |
_2ddc _cBK |
||
| 999 |
_c14273 _d14273 |
||